000 00349nam a2200157Ia 4500
003 Ost
005 20260225132550.0
008 260225s9999||||xx |||||||||||||| ||und||
040 _cfsic
041 _afre
082 _a440
100 _aJaques Delarue
_eAuteur
245 0 _aO.A.S contre De Gaule /
245 0 _cJaques Delarue
942 _cكتاب
999 _c34068
_d34068